000 00241nam a2200097Ia 4500
008 220204s9999 xx 000 0 und d
082 _a331.91
_bINT
245 0 _aInternational labour organization
260 _aNew York
_bILO
_c1965
942 _cBK
999 _c22108
_d22108